| 000 | 01377cam a2200397 a 4500 | ||
|---|---|---|---|
| 001 | 22711 | ||
| 003 | SK-KTurca | ||
| 005 | 20260421145426.0 | ||
| 008 | 240226s1977 xo 000 f slo | ||
| 015 | _aSNBA1977 | ||
| 020 | _q(viaz.) | ||
| 035 | _aSNK000048951 | ||
| 035 | _aD64AF35F-CDDF-47AE-986A-4D28EE97C506 | ||
| 035 | _aurn:nbn:sk:snk-am00ikic | ||
| 040 |
_aSNK _bslo _cSNK _eAACR2 |
||
| 041 | 1 |
_aslo _hfre |
|
| 044 |
_axo _cSK |
||
| 080 |
_a840-3 _21981 |
||
| 100 | 0 |
_aStendhal, _d1783-1842 _4aut |
|
| 240 | 1 | 0 |
_aVie de Henry Brulard _lSlovensky |
| 245 | 1 | 0 |
_aŽivot Henryho Brularda ; Novely _cStendhal ; z francúzskych originálov Vie de Henry Brulard a Chroniquies italiens I, II a Romans et nouvelles I. preložili Anna Haviarová a Vladimír Reisel |
| 250 | _a1. vyd. | ||
| 260 |
_aBratislava _bTatran _c1977 _eBratislava _fPravda |
||
| 300 |
_a759 s. _c20 cm |
||
| 366 | _e50000 výtl. | ||
| 490 | 1 |
_aZlatý fond svetovej literatúry _vzv. 6 |
|
| 655 | 7 |
_afrancúzske romány _2SNKPH |
|
| 655 | 7 |
_aautobiografické romány _2SNKPH |
|
| 655 | 7 |
_afrancúzske novely _2SNKPH |
|
| 700 | 1 |
_aHaviarová, Anna _c(prekladateľka) _4trl |
|
| 700 | 1 |
_aReisel, Vladimír, _d1919-2007 _4trl |
|
| 700 | 1 |
_aPašteka, Július, _d1924-2019 _4aui |
|
| 830 | 0 | _aZlatý fond svetovej literatúry | |
| 942 |
_2ddc _cKLDO _n0 |
||
| 999 |
_c22711 _d22711 |
||